UBT Library

The elements : (Record no. 41005)

000 -LEADER
fixed length control field 00926cam a2200277 a 4500
001 - CONTROL NUMBER
control field 15897353
005 - DATE AND TIME OF LATEST TRANSACTION
control field 20180126075129.0
008 - FIXED-LENGTH DATA ELEMENTS--GENERAL INFORMATION
fixed length control field 090908s2009 nyua b 001 0 eng
010 ## - LIBRARY OF CONGRESS CONTROL NUMBER
LC control number 2009034931
015 ## - NATIONAL BIBLIOGRAPHY NUMBER
National bibliography number GBA974835
Source bnb
016 7# - NATIONAL BIBLIOGRAPHIC AGENCY CONTROL NUMBER
Record control number 015337430
Source Uk
020 ## - INTERNATIONAL STANDARD BOOK NUMBER
International Standard Book Number 9781579128142
020 ## - INTERNATIONAL STANDARD BOOK NUMBER
International Standard Book Number 1579128149
035 ## - SYSTEM CONTROL NUMBER
System control number (OCoLC)ocn428777447
040 ## - CATALOGING SOURCE
Original cataloging agency DLC
Transcribing agency DLC
Modifying agency YDX
-- BTCTA
-- YDXCP
-- UKM
-- ZPX
-- IGP
-- QBX
-- MOF
-- EUM
-- DLC
041 ## - LANGUAGE CODE
Language code of text/sound track or separate title eng
080 ## - UNIVERSAL DECIMAL CLASSIFICATION NUMBER
Universal Decimal Classification number 546
082 00 - DEWEY DECIMAL CLASSIFICATION NUMBER
Classification number 546 GRA
Edition number 22
100 1# - Rafti
Rafti 12
101 ## - Shkurtesa
Shkurtesa KIM
245 14 - TITLE STATEMENT
Title The elements :
Statement of responsibility, etc Theodore Gray ; photographs by Theodore Gray and Nick Mann.
504 ## - BIBLIOGRAPHY, ETC. NOTE
Bibliography, etc Includes bibliographical references and index.
906 ## - LOCAL DATA ELEMENT F, LDF (RLIN)
a 7
b cbc
c orignew
d 1
e ecip
f 20
g y-gencatlg
942 ## - ADDED ENTRY ELEMENTS (KOHA)
Source of classification or shelving scheme
Item type Books
Holdings
Withdrawn status Lost status Source of classification or shelving scheme Damaged status Not for loan Collection code Permanent location Current location Shelving location Date acquired Total Checkouts Full call number Barcode Date last seen Price effective from Koha item type
          Koleksioni i përgjithshem UBT - Lipjan UBT - Lipjan Koleksioni i përgjithshem 01/26/2018   546 GRA 002-2996434 01/26/2018 01/26/2018 Books
UBT Library © 2015-2024. All rights reserved University Education for Business and Technology